Poznáte múdry hlavolam Tangram?

Bibliographic Details
Main Author: Uherčíková, Viera (Author)
Format: Article
Language:Slovak
PhysicalDescription:Obr.
ISSN:0231-6463
Subjects:

MARC

LEADER 00000nab a2200000 a 4500
001 vtls010592246
003 SK-MaSNL
005 20260303084841.0
008 140417c2014 xo mr|p|||n| |000 b|slo
015 |a SNBRB2014/04 
038 |a SPK 
040 |a SPKCL  |b slo  |c AACR2  |e AACR2 
041 0 |a slo 
044 |a xo  |c SK 
072 7 |a 159.93/.94  |x Senzorické a motorické funkcie. Emócie. Vôľa  |2 konspekt 
072 7 |a 159.95  |x Vyššie duševné procesy  |2 konspekt 
072 7 |a 793  |x Spoločenské zábavy  |2 konspekt 
080 |a 159.937.52  |2 2001 
080 |a 159.954  |2 2001 
080 |a 793.7  |2 2001 
100 1 |a Uherčíková, Viera  |4 aut  |9 8353 
245 1 0 |a Poznáte múdry hlavolam Tangram?  |c Viera Uherčíková 
300 |b Obr. 
504 |a Bibliogr. odkazy 
650 0 7 |a priestorové vnímanie  |2 snkbucl  |9 50823 
650 0 7 |a predstavivosť  |2 snkbucl  |9 71658 
650 0 7 |a rozvíjanie schopností  |2 snkbucl  |9 342653 
650 0 7 |a hlavolamy  |2 snkbucl  |9 3312 
650 0 7 |a tangramy  |2 snkbucl  |9 546016 
773 0 |t Rodina a škola  |g Roč. 62, č. 4 (2014), s. 28-29  |x 0231-6463 
852 |a SPK  |b KIS3GCP 
958 |a NB  |2 snkbucl 
999 |c 1796921  |d 1798851